Statistics for Name a Valid U.S. River - A to Z

Click here to take the quiz!

General Stats

  • This quiz has been taken 122 times
  • The average score is 13 of 22

Answer Stats

Letter#Full ListRivers% Correct
M5Milk, Minnesota, Mississippi, Missouri, MusselshellMissouri, Mississippi, Milk, ...
98%
C15Canadian, Cedar, Chattahoochee, Cheyenne, Cimarron, Clark Fork, Clinch, Colorado, Colorado, Columbia, Colville, Connecticut, Coosa, Copper, CumberlandColorado, Columbia, Canadian, ...
97%
R6Red (North), Red (South), Republican, Rio Grande, Roanoke, RockRio Grande, Red (South), Red (North), ...
91%
O6Ocmulgee, Ogeechee, Ohio, Osage, Ouachita, OwyheeOhio, Ouachita, Ogeechee, ...
88%
A3Alabama, Allegheny, ArkansasArkansas, Allegheny, Alabama
83%
S22Sabine, Sacramento, Saline, Salmon, Salt, San Joaquin, San Juan, Savannah, Sevier, Sheyenne, Smoky Hill, Snake, Souris, South Fork Solomon, South Platte, St. Francis, St. John, St. Johns, St. Lawrence, Stikine, Susitna, SusquehannaSnake, St. Lawrence, Sheyenne, ...
80%
H2Hudson, HumboldtHumboldt, Hudson
76%
P
8Pearl, Pecos, Pembina, Pit, Platte, Porcupine, Potomac, PowderPecos, Porcupine, Pearl, ...
74%
Y3Yampa, Yellowstone, YukonYukon, Yellowstone, Yampa
67%
T6Tallapoosa, Tanana, Tennesee, Tensas, Tongue, TrinityTrinity, Tennessee, Tanana, ...
65%
D4Delaware, Des Moines, Deschutes, DuckDes Moines, Delaware, Duck, ...
63%
W8Wabash, Wapsipinicon, Washita, White, White, White, Wild Rice, WisconsinWhite, White, Wabash, ...
61%
K7Kaskaskia, Kentucky, Klamath, Kobuk, Kootenai, Koyukuk, KuskokwimKuskokwim, Kootenai, Koyukuk, ...
58%
G5
Gasconade, Gila, Grand, Green, Green
Green, Gila, Green, ...
57%
I4Iditarod, Illinois, Innoko, IowaInnoko, Iditarod, Iowa, ...
57%
N14Neches, Neosho, Neuse, New, Niobrara, Noatak, North Canadian, North Fork Kuskokwim, North Fork Red, North Fork Solomon, North Platte, Nowitna, Nueces, NushagakNorth Platte, Niobrara, Neosho, ...
47%
B10Bartholomew, Bear, Beaver, Belle Fourche, Big Black, Big Blue, Big Sioux, Bighorn, Black, BrazosBrazos, Bighorn, Big Sioux, ...
46%
J3James, James, John DayJames, James, John Day
25%
L6Laramie, Licking, Little Colorado, Little Missouri, Little Sioux, LodgepoleLittle Missouri, Little Colorado, Licking, ...
16%
F1FlintFlint
6%
E2Edisto, ElkhornElkhorn, Edisto
3%
V1VerdigrisVerdigris
2%

Score Distribution

Percentile by Number Answered

Percent of People with Each Score

Your Score History

You have not taken this quiz